Marketingová stratégia firmy holdingového typu
Recenzia prvej časti publikácie Štefana Kassaya: Tendencie korporačného rozvoja, Vydavateľstvo STRATEG, Bratislava 1998. Publikácia patrí do trojdielneho tematického súboru vydávaného pod názvom: Marketingová stratégia firmy holdingového typu. Obsah jednotlivých kapitol publikácie. Charakteristika p...
Salvato in:
| Autore principale: | |
|---|---|
| Altri autori: | |
| Natura: | Capitolo di libro |
| Lingua: | slovacco |
| Soggetti: | |
| Tags: |
Nessun Tag, puoi essere il primo ad aggiungerne!!
|
MARC
| LEADER | 00000naa a2200000 4500 | ||
|---|---|---|---|
| 001 | r032016 | ||
| 005 | 20230825100954.7 | ||
| 041 | 0 | |a slo | |
| 044 | |a SK | ||
| 245 | 1 | 0 | |a Marketingová stratégia firmy holdingového typu |c František Lipták, Štefan Kassay |
| 520 | |a Recenzia prvej časti publikácie Štefana Kassaya: Tendencie korporačného rozvoja, Vydavateľstvo STRATEG, Bratislava 1998. Publikácia patrí do trojdielneho tematického súboru vydávaného pod názvom: Marketingová stratégia firmy holdingového typu. Obsah jednotlivých kapitol publikácie. Charakteristika podnikov, korporácií či firiem, ich riadenie. Problematika podnikateľskej ekonomiky. Porovnanie japonských a amerických korporácií. Vnútorné usporiadanie firiem. | ||
| 610 | 2 | 0 | |a holding |
| 610 | 2 | 0 | |a korporácie |
| 610 | 2 | 0 | |a stratégia marketingová |
| 610 | 2 | 0 | |a vzťahy vlastnícke |
| 610 | 2 | 0 | |a manažment |
| 610 | 2 | 0 | |a USA |
| 610 | 2 | 0 | |a Japonsko |
| 610 | 2 | 0 | |a firmy |
| 610 | 2 | 0 | |a formy organizačné nadpodnikové |
| 610 | 2 | 0 | |a formy podnikov |
| 610 | 2 | 0 | |a recenzie |
| 100 | 1 | |a Lipták, František | |
| 700 | 1 | |a Kassay, Štefan | |